000 00929nam a2200265Ia 4500
003 OSt
005 20221005103642.0
006 a|||||r|||| 00| 0
007 ta
008 221004b |||||||| |||| 00| 0 hin d
020 _a9789385450362 (hbk)
_cINR 250.00
024 _a37175
037 _b68, 13/03/2018, P. K. Books
_cTextual
040 _aCRL
_cCRL
_bhin
041 _2hin
_ahin
082 _azG, 152Q6
100 _aगिरि, राजीव रंजन, संपा.
245 0 _aगांधीवाद रहे न रहे
246 _aGāandhīvād rahe n rahe
260 _aदिल्ली
_bअनन्य प्रकाशन भारत
_c2016
300 _a135पृ0
_ccm.
650 _aगांधीवाद
942 _hzG, 152Q6
_cTEXL
_2cc
999 _c1010513
_d1010513